00745nam a2200241 a 4500001001300000003000900013005001700022008004100039020002500080082001400105100002200119245006600141260004000207300000900247500003500256505001600291650002500307700002200332902000800354942000700362952011700369999001700486nice12345678IN_TiNIC20260116014935.0050524s1989 jeda grp 000 0 eng  a0340509 c559.200a291bGOL2 aGoldsmith, Martin aWhat About Other Faiths? Is Jesus Christ the Only Way to God? aJeddahbHodder and Stoughton c1989 a186p aincludes index and biblioraphy2 aBiblography aComparative Religion1 aGoldsmith, Martin bSRS cBK 001040708StackRoom-aHMIbHMId2007-07-20g559.20l0o291 GOL2p11001645r2007-07-20v559.20w2005-05-24yBK c17634d17634